| 000 | 00474nam a2200181 a 4500 | ||
|---|---|---|---|
| 005 | 20240530063616.0 | ||
| 008 | 100119s2000 es r 000 0 spa d | ||
| 020 | _a8408019953 | ||
| 035 | _aUPN01000174305 | ||
| 049 | _aCG | ||
| 050 | 4 |
_aPQ6657 A4.2 _bP6.3 |
|
| 100 | 1 | _aGala, Antonio | |
| 245 | 1 | 0 |
_aPoemas de amor / _cAntonio Gala. |
| 260 |
_aBarcelona, Esp. : _bPlaneta, _c2000. |
||
| 300 | _a350 p. | ||
| 650 | 4 |
_aPoesía Española _ySiglo XX _91243 |
|
| 905 | _aLibro | ||
| 999 |
_c146409 _d146409 |
||